000
00187nam a22000857a 4500
008
170504b xxu||||| |||| 00| 0 eng d
100
_9
3100
_a
Aerzo
245
_a
Hindi book
260
_a
New Delhi
999
_c
6387
_d
6387